Rang-Khushbo-Roshni (Record no. 10952)
[ view plain ]
| 000 -LEADER | |
|---|---|
| fixed length control field | 00384 a2200145 4500 |
| 020 ## - INTERNATIONAL STANDARD BOOK NUMBER | |
| International Standard Book Number | 9789693522372 |
| 082 ## - DEWEY DECIMAL CLASSIFICATION NUMBER | |
| Classification number | 891.4391 |
| 090 ## - LOCALLY ASSIGNED LC-TYPE CALL NUMBER (OCLC); LOCAL CALL NUMBER (RLIN) | |
| -- | 7148 |
| -- | 7148 |
| 100 ## - MAIN ENTRY--PERSONAL NAME | |
| Personal name | Qatil Shafai |
| 245 ## - TITLE STATEMENT | |
| Title | Rang-Khushbo-Roshni |
| Statement of responsibility, etc. | Qatil Shafai |
| 260 ## - PUBLICATION, DISTRIBUTION, ETC. | |
| Place of publication, distribution, etc. | Lahore |
| Name of publisher, distributor, etc. | Sang-e-Meel Publications |
| Date of publication, distribution, etc. | 2009 |
| 300 ## - PHYSICAL DESCRIPTION | |
| Extent | 718 0. ; |
| Other physical details | ;ill. |
| Dimensions | 22 cm. |
| 650 ## - SUBJECT ADDED ENTRY--TOPICAL TERM | |
| Topical term or geographic name entry element | 1. Urdu Literature-Poetry |
| 942 ## - ADDED ENTRY ELEMENTS (KOHA) | |
| Koha item type | Book |
| Call number prefix | 891.4391 QAT |
| Withdrawn status | Lost status | Damaged status | Not for loan | Collection code | Permanent Location | Current Location | Shelving location | Date acquired | Source of acquisition | Cost, normal purchase price | Total Checkouts | Total Renewals | Full call number | Barcode | Date last seen | Date last checked out | Price effective from | Koha item type |
|---|---|---|---|---|---|---|---|---|---|---|---|---|---|---|---|---|---|---|
| Central Library (CL) | Central Library (CL) | General Stacks | 07/12/2012 | Saeed Book Bank | 960.00 | 2 | 3 | 891.4391 QAT | SEECS011383 | 06/15/2025 | 10/02/2024 | 01/05/2017 | Book |
